000 00764nam a22002057a 4500
999 _c19571
_d19571
003 AR-CdUCM
008 190518b ||||| |||| 00| 0 spa d
040 _aMUNICIPALIDAD PROVINCIAL DEL CUSCO
_cBIBLIOTECA MUNICIPAL DEL CUSCO
082 _a333.985 /
_bS18
100 _aSalon de la Jara, Pablo
_940988
245 _aDesarrollo económico :
_bdesarrollo agrícola y reforma agraria /
260 _aLima :
_bP. L. Villanueva,
_c1963.
300 _a177 páginas ;
_c21 cm.
505 _aContenido: Desarrollo económico y desarrollo agrícola -- Integración y regionalismo -- Desarrollo agrícola...
650 _aDesarrollo económico
_91696
650 _aAgricultura y Estado
_94586
650 _aPerú
_935
942 _2ddc
_cLIBROS
945 _adavv
_d2019-05-18